नम्रता. (Record no. 264687)

MARC details
000 -LEADER
fixed length control field 00609nam a2200181Ia 4500
008 - FIXED-LENGTH DATA ELEMENTS--GENERAL INFORMATION
fixed length control field 090630s9999 xx 000 0 und d
082 ## - DEWEY DECIMAL CLASSIFICATION NUMBER
Item number 12831
100 ## - MAIN ENTRY--PERSONAL NAME
Personal name बांदोडकर व. पु.
245 ## - TITLE STATEMENT
Title नम्रता.
Statement of responsibility, etc बांदोडकर व. पु.
260 ## - PUBLICATION, DISTRIBUTION, ETC. (IMPRINT)
Name of publisher, distributor, etc चंद्रनाथ साहित्य - विरार.
Date of publication, distribution, etc 1989
300 ## - PHYSICAL DESCRIPTION
Extent 153
600 ## - SUBJECT ADDED ENTRY--PERSONAL NAME
Personal name बांदोडकर व. पु.
630 ## - SUBJECT ADDED ENTRY--UNIFORM TITLE
Uniform title नम्रता.
655 ## - INDEX TERM--GENRE/FORM
Genre/form data or focus term कादंबरी.
700 ## - ADDED ENTRY--PERSONAL NAME
Personal name बांदोडकर व. पु.
730 ## - ADDED ENTRY--UNIFORM TITLE
Uniform title नम्रता.
942 ## - ADDED ENTRY ELEMENTS (KOHA)
Koha item type Book
Holdings
Withdrawn status Lost status Damaged status Not for loan Home library Current library Date acquired Cost, normal purchase price Total Checkouts Full call number Barcode Date last seen Cost, replacement price Price effective from Koha item type
        Sarvajanik Wachanalaya Shrivardhan Sarvajanik Wachanalaya Shrivardhan   65.00   12831 SAWASHRI-12831 06/30/2009 65.00 06/30/2009 Book